000 00483nam a2200181Ia 4500
003 GCL
008 140319s9999 xx 000 0 ara d
040 _aGCL /
_cGCL
082 0 4 _aط
_b813.087
_bم م
100 1 _aمحمد شمس
245 1 0 _aمطعم الغابة /
_cمحمد شمس
300 _a39 ص
490 _aالسلسلة القصصية
_v0
650 0 4 _aالاطفال
650 0 4 _aقصص الاطفال
650 0 4 _aقصص المغامرات
942 _2ddc
_cBK
999 _c51351
_d51351